| 000 | 00477nam a22001817a 4500 | ||
|---|---|---|---|
| 001 | T027600008618 | ||
| 008 | 181111b xve|||||r|||| 00| | esp d | ||
| 099 |
_aIVP-D-05153 _b |
||
| 100 | _aPÉREZ DI GIACOMO, ELOINA | ||
| 245 | _aProyecto de Tubos sin Costura. 1996. | ||
| 260 | _a | ||
| 500 | _a | ||
| 650 | _aHistoria Oral--Investigaciones--Caño Amarillo-Caracas | ||
| 650 | _aHistoria Local--Proyectos | ||
| 650 | _aVenezuela. | ||
| 650 | _aEspañol. | ||
| 942 | _cLIB | ||
| 999 |
_c9745 _d9745 |
||